Independencia(s) de América Latina en el cine
Elmentve itt :
| Szerző: | |
|---|---|
| Dokumentumtípus: | Cikk |
| Megjelent: |
2011
|
| Sorozat: | Colindancias
|
| mtmt: | 2007424 |
| Online Access: | http://publicatio.bibl.u-szeged.hu/6381 |
| LEADER | 00573nab a2200181 i 4500 | ||
|---|---|---|---|
| 001 | publ6381 | ||
| 005 | 20180828130755.0 | ||
| 008 | 160226s2011 hu o 0|| zxx d | ||
| 022 | |a 2067-9092 | ||
| 024 | 7 | |a 2007424 |2 mtmt | |
| 040 | |a SZTE Publicatio Repozitórium |b hun | ||
| 041 | |a zxx | ||
| 100 | 1 | |a Lénárt András | |
| 245 | 1 | 0 | |a Independencia(s) de América Latina en el cine |h [elektronikus dokumentum] / |c Lénárt András |
| 260 | |c 2011 | ||
| 300 | |a 149-158 | ||
| 490 | 0 | |a Colindancias | |
| 856 | 4 | 0 | |u http://publicatio.bibl.u-szeged.hu/6381/1/Independencias.pdf |z Dokumentum-elérés |